000 01501nam a2200421 i 4500
001 197480
003 ES-MaACL
005 20250805062637.0
007 ta
008 220829s1986||||sp a###fr 000 0 spa d
017 _aA 904-1985
020 _a8473160541
035 _a(OCoLC)1342559537
035 _a264053966
040 _aABES
_bfre
_eAFNOR
_cES-MaACL
041 0 _2639-2
082 0 _a946.4/307
100 1 _0(IdRef)028891228
_1http://www.idref.fr/028891228/id
_aBravo Morata, Federico
_eaut
_931495
245 1 0 _aHistoria de Madrid.
_nVolumen 13,
_pLa posguerra, I /
_cFederico Bravo Morata.
246 1 3 _aLa posguerra, I
250 _a2a edición.
264 1 _aMadrid :
_b[Fenicia],
_c1986.
300 _a211 páginas :
_bill., couv. ill. en coul. ;
_c21 cm.
336 _btxt
_2rdacontent
_atexto
337 _bn
_2rdamedia
_asin mediación
337 _bn
_2isbdmedia
_asin mediación
338 _bnga
_2RDAfrCarrier
_avolumen
490 1 _aHistoria de Madrid ;
_v13
651 4 _aMadrid
_98939
651 0 _aEspaña-
_y1939-1975, Francisco Franco
_9238964
_xHistoria-
830 0 _aHistoria de Madrid
_v13
_9240827
852 _aES-MaACL
_cDEPO1
_jA-15573
_hDonación: Fernando Codina Rodríguez
_xEncuadernación rústica
_9205920
903 _aCodina Rodríguez, Fernando
_ednr
_9238631
942 _n0
_cMONOGRAFIA
999 _c197480
_d197480